Nuestra ciudad (Record no. 176568)

MARC details
000 -LEADER
campo de control de longitud fija 00945nam a22002535i 4500
001 - NÚMERO DE CONTROL
campo de control 176568
003 - IDENTIFICADOR DE NÚMERO DE CONTROL
campo de control ES-MaACL
005 - FECHA Y HORA DE LA ÚLTIMA TRANSACCIÓN
campo de control 20230906220124.0
008 - DATOS DE LONGITUD FIJA--INFORMACIÓN GENERAL
campo de control de longitud fija 110124s1954 sp a |||| | spa d
080 ## - NÚMERO DE LA CLASIFICACIÓN DECIMAL UNIVERSAL
Número de la Clasificación Decimal Universal 821.111-22"19"
100 1# - ENTRADA PRINCIPAL--NOMBRE DE PERSONA
Nombre de persona Wilder, Thornton.
9 (RLIN) 116830
245 10 - MENCIÓN DEL TÍTULO
Título Nuestra ciudad
Resto del título : premio Pulitzer 1938 : comedia en tres actos, original y en prosa /
Mención de responsabilidad, etc. Thornton Wilder ; adaptada al castellano por José Juan Cadenas.
260 ## - PUBLICACIÓN, DISTRIBUCIÓN, ETC.
Lugar de publicación, distribución, etc. Madrid :
Nombre del editor, distribuidor, etc. [s. n.,
Fecha de publicación, distribución, etc. 1954?]
300 ## - DESCRIPCIÓN FÍSICA
Extensión 62 p. ;
Dimensiones 17 cm.
490 1# - MENCIÓN DE SERIE
Mención de serie Biblioteca teatral ;
Designación de volumen o secuencia 151
500 ## - NOTA GENERAL
Nota general Anteportada ilustrada.
500 ## - NOTA GENERAL
Nota general Estrenada en el Teatro Nacional María Guerrero, de Madrid, el 29 de diciembre de 1944.
500 ## - NOTA GENERAL
Nota general Encuadernado con otros títulos.
597 ## - NOTA DE DESCRIPCIÓN FÍSICA
NOTA DE DESCRIPCIÓN FÍSICA En el lomo: 150-155.
700 0# - ENTRADA AGREGADA--NOMBRE PERSONAL
Nombre de persona Cadenas, José Juan.
9 (RLIN) 33383
830 0# - PUNTO DE ACCESO ADICIONAL DE SERIE-TÍTULO UNIFORME
Título uniforme Biblioteca teatral ;
Designación de volumen o secuencia 151
9 (RLIN) 190120
852 ## - LOCALIZACIÓN
Ubicación ES-MaACL
Número de control de estantería E-14126 (151)
Encuadernación Olim P-302
Holdings
Estatus retirado Estado de pérdida Estado de daño No para préstamo Biblioteca de origen Biblioteca actual Ubicación en estantería Fecha de adquisición Fuente de adquisición Total de préstamos Signatura topográfica completa Código de barras Visto por última vez Precio de reemplazo Tipo de ítem Koha
        Biblioteca del Ateneo de Madrid Biblioteca del Ateneo de Madrid Depósito 2 24/01/2011     E-14126 (151) 1185429 23/02/2023 23/02/2023 Libro impreso